Meiste Champions League Minuten - Statistiken

Allgemein
  • Dieses Quiz wurde 261 mal gespielt
  • Das Durchschnittsergebnis liegt bei 10 aus 20
Antwortstatistiken
Minutes Antwort % Korrekt
15.951 Cristiano Ronaldo
100%
13.596 Lionel Messi
100%
9.779 Thomas Müller
84%
11.940 Manuel Neuer
83%
12.121 Sergio Ramos
70%
10.597 Toni Kroos
70%
15.908 Iker Casillas
67%
10.724 Karim Benzema
62%
9.270 Iniesta
57%
11.363 Xavi
57%
11.280 Gianluigi Buffon
45%
10.632 Piqué
45%
9.970 Zlatan Ibrahimović
41%
10.415 Busquets
40%
12.031 Raúl
35%
11.428 Paolo Maldini
33%
10.606 Ryan Giggs
16%
9.535 Clarence Seedorf
13%
9.285 Paul Scholes
12%
10.518 Roberto Carlos
9%
Keine übereinstimmenden Quizze gefunden
Verteilung der Resultate
Anzahl Personen mit jedem Resultat
Perzentil nach korrekt beantworteten Fragen
Ihre Resultats-Entwicklung
Sie haben dieses Quiz noch nicht gespielt